000 00494cam a22001697a 4500
008 180718b2001 xxu||||| |||| 00| 0 eng d
020 _a0415263956
082 _aT15 H618
245 _aThe consumer society
_cedited by I.R.C. Hirst and W. Duncan Reekie
260 _aLondon
_bRoutledge
_c2001
300 _a198p.
650 _aConsumer protection - Law and legislation
650 _aConsumers
650 _aConsumption (Economics)
700 _aReeikie, W. Duncan
700 _aHirst, I.R.C.
999 _c404601
_d404601